25 Years of Television Beginnings VII Quiz Stats

 Plays Quiz Updated Dec 11, 2017

Score 0/25 Timer 07:00
1 Play Today
% Correct
Xena: Warrior Princess
83.9%
King of the Hill
82%
NCIS
77.9%
Archer
73%
Dancing with the Stars
72.8%
Entourage
72.1%
We'll Meet Again
71.5%
Heroes
70.7%
Nashville
67.4%
Freaks and Geeks
64.1%
The Bernie Mac Show
62.9%
This Is Us
56.1%
Adventure Time
55.7%
% Correct
Rick and Morty
52.2%
Last Man Standing
49.7%
Becker
47.1%
Fargo
41.3%
Grace and Frankie
41%
Suddenly Susan
36.8%
Morning Joe
34.3%
The Critic
32.5%
Boston Public
21.7%
Lipstick Jungle
17.4%
Raven's Home
14.2%
American Dreams
9.4%

You're not logged in!

Compare scores with friends on all Sporcle quizzes.
OR
Log In

You Might Also Like...

Show Comments

Extras

Top Quizzes Today


Score Distribution

Your Account Isn't Verified!

In order to create a playlist on Sporcle, you need to verify the email address you used during registration. Go to your Sporcle Settings to finish the process.

Report this User

Report this user for behavior that violates our Community Guidelines.

Details: